000 00278nam a2200121Ia 4500
008 190216s9999||||xx |||||||||||||| ||und||
100 _aThomas C J
245 0 _aAntigone
260 _bUniversity Of Calicut
_c1997
300 _a48p
650 _aMalayalam Nadakam
942 _cBK
999 _c27615
_d27615